<The> Coal situation in the ECE region in 1978 and its prospects

Na minha lista:
Detalhes bibliográficos
Formato: Livro
Idioma:inglês
Publicado em: New York United Nations 1980
Tags: Adicionar Tag
Sem tags, seja o primeiro a adicionar uma tag!

MARC

LEADER 00000nam a2200000 4500
001 c141095
005 20041019155320.9
041 0 |a eng 
044 |a US 
245 1 0 |a <The> Coal situation in the ECE region in 1978 and its prospects 
264 1 |a New York  |b United Nations  |c 1980 
300 |a 54, 13 s.